Criminal Minds Profilers Quiz Stats

 Plays Quiz not verified by Sporcle

Challenge
Share
Tweet
Embed
Score 0/11 Timer 05:00
0 Plays Today
Clue Profiler % Correct
He has an IQ of 187, an eidetic memory, and can read 20,000 words per minute. He was once durgged with, and became addicted to, a painkiller called Dilaudid.Spencer Reid
92.3%
The technical analysis of the BAU, she is one of two members on the team that is not a profiler. She is shown to be very comedic, and she shares a special relationship with Morgan.Penelope Garcia
91.4%
The BAU's unit chief. His ex-wife was brutally murdered by a psychotic UNSUB known as the Boston Reaper.Aaron Hotchner
88.2%
Hardened cop from Chicago who once worked with a bomb squad. He was once arrested because it was thought he was killing young boys in his hometown. He shares a special relationshipDerek Morgan
87.7%
Joined the team after Elle quit. The daughter of a Russian ambassador, she works hard to prove that she deserves to be on the team.Emily Prentiss
87.3%
One of the founding members of the BAU. He returns to the BAU after Gideon quits to solve an old case that has haunted him for years.David Rossi
85.4%
Originally the Unit Chief of the BAU, replaced before the series started. He suffered a nervous breakdown after sending six agents to their deaths. Eventually, he became burned outJason Gideon
78.8%
Formerly an agent in the field office in Seattle, she was assigned to the BAU for her knowledge of sexual crimes. She resigned from the BAU after shooting a suspect in cold blood.Elle Greenaway
74.3%
The section head of the BAU. She does not get along with Hotch, and once recruited Prentiss to find information about him that would get him fired.Erin Strauss
71.8%
One of two members of the BAU that is not a profiler. She acts as a liasion to the media and local police.Jennifer Jareau
70.4%
Took over for JJ while she was on maternity leave. She transfered from the counterterrorism unit of the FBI.Jordan Todd
50.5%

You're not logged in!

Compare scores with friends on all Sporcle quizzes.
Join for Free
OR
Log In

You Might Also Like...

Show Comments

Extras

Created Jul 19, 2010ReportNominate
Tags:criminal, Criminal Minds, mind

Top Quizzes Today


Score Distribution

Your Account Isn't Verified!

In order to create a playlist on Sporcle, you need to verify the email address you used during registration. Go to your Sporcle Settings to finish the process.

Report this User

Report this user for behavior that violates our Community Guidelines.

Details: